Statistics for English First Division and Premier League Champions

Click here to take the quiz!

General Stats

  • This quiz has been taken 1,313 times
    (540 since last reset)
  • The average score is 112 of 124

Answer Stats

YearClub% Correct
1901 | 1906 | 1922 | +16 othersLiverpool
100%
1937 | 1968 | 2012 | +6 othersManchester City
100%
1908 | 1911 | 1952 | +16 othersManchester United
100%
1931 | 1933 | 1934 | +11 othersArsenal
99%
1955 | 1956 | 2005 | +4 othersChelsea
99%
2016Leicester City
98%
1912 | 1914 | 1995Blackburn Rovers
94%
1894 | 1896 | 1897 | +4 othersAston Villa
92%
1978Nottingham Forest
92%
1951 | 1961Tottenham Hotspur
92%
1891 | 1915 | 1928 | +6 othersEverton
89%
1905 | 1907 | 1909 | 1927Newcastle United
88%
1969 | 1974 | 1992Leeds United
85%
1892 | 1893 | 1895 | +3 othersSunderland
74%
1958 | 1959Wolverhampton Wanderers
73%
1898Sheffield United
69%
1903 | 1904 | 1929 | 1930Sheffield Wednesday
69%
1972 | 1975Derby County
68%
1889 | 1890Preston North End
64%
1921 | 1960Burnley
63%
1962Ipswich Town
62%
1920West Bromwich Albion
58%
1949 | 1950Portsmouth
57%
1924 | 1925 | 1926Huddersfield Town
56%

Score Distribution

Percentile by Number Answered

Percent of People with Each Score

Your Score History

You have not taken this quiz since the last reset